Die teuersten deutschen Fußballer jemals - Statistiken

Allgemein
  • Dieses Quiz wurde 1.725 mal gespielt
    716 seit der letzten Aktualisierung
  • Das Durchschnittsergebnis liegt bei 23 aus 34
Antwortstatistiken
Ablöse (in Mio) abgebender Verein aufnehmender Verein Spieler % Korrekt
80 Bayer 04 Leverkusen FC Chelsea Kai Havertz
96%
70 FC Chelsea Arsenal Kai Havertz
96%
52 FC Schalke 04 Manchester City Leroy Sane
94%
49 Manchester City Bayern München Leroy Sane
94%
53 RB Leipzig FC Chelsea Timo Werner
93%
43 FC Schalke 04 VFL Wolfsburg Julian Draxler
88%
36 VFL Wolfsburg PSG Julian Draxler
88%
35 Borussia Dortmund Bayern München Mats Hummels
88%
30,5 Bayern München Borussia Dortmund Mats Hummels
88%
47 Real Madrid Arsenal Mesut Özil
86%
37 Borussia Dortmund Bayern München Mario Götze
85%
25 Bayern München Real Madrid Toni Kroos
81%
30 FC Schalke 04 Bayern München Manuel Neuer
77%
35 AS Rom FC Chelsea Antonio Rüdiger
76%
27 Borussia Dortmund West Ham United Niclas Füllkrug
67%
27,4 Atalanta Bergamo Inter Mailand Robin Gosens
67%
27 Borussia Dortmund Manchester City Ilkay Gündogan
66%
26,7 Brighton & Hove Albion VFB Stuttgart Deniz Undav
64%
37 FC Schalke 04 PSG Thilo Kehrer
62%
25 Juventus Turin Borussia Dortmund Emre Can
61%
30 RB Salzburg Borussia Dortmund Karim Adeyemi
60%
41 Valencia Arsenal Shkodran Mustafi
59%
25 Bayer 04 Leverkusen Borussia Dortmund Julian Brandt
57%
32 FC Chelsea VFL Wolfsburg Andre Schürrle
53%
30 VFL Wolfsburg Borussia Dortmund Andre Schürrle
53%
30 VFB Stuttgart Bayern München Mario Gomez
52%
25 SC Freiburg Brentford Kevin Schade
48%
30 VFL Wolfsburg Borussia Dortmund Felix Nmecha
46%
31,5 1.FSV Mainz 05 Brighton & Hove Albion Brajan Gruda
44%
28,5 TSG Hoffenheim Borussia Dortmund Maximilian Beier
43%
26 TSG Hoffenheim RB Leipzig David Raum
42%
25 Bayer 04 Leverkusen Arsenal Bernd Leno
37%
25,5 TSG Hoffenheim Borussia Dortmund Nico Schulz
33%
32 TSG Hoffenheim Bayer 04 Leverkusen Kerim Demirbay
32%
Keine übereinstimmenden Quizze gefunden
Verteilung der Resultate
Anzahl Personen mit jedem Resultat
Perzentil nach korrekt beantworteten Fragen
Ihre Resultats-Entwicklung
Sie haben dieses Quiz seit der letzten Aktualisierung nicht gespielt